[Event "SVK-chT2A 1516"]
[Site "Slovakia"]
[Date "2016.02.13"]
[Round "8.7"]
[White "Bartos, Bohumil"]
[Black "Sosovicka, Vladimir"]
[Result "0-1"]
[WhiteElo "1686"]
[BlackElo "1812"]
[PlyCount "64"]
[EventDate "2015.10.17"]
[EventType "team-tourn"]
[EventRounds "11"]
[EventCountry "SVK"]
[SourceTitle "EXT 2017"]
[Source "ChessBase"]
[SourceDate "2016.10.25"]
[SourceVersion "1"]
[SourceVersionDate "2016.10.25"]
[SourceQuality "1"]
[WhiteTeam "Skalica"]
[BlackTeam "Devinska Nova Ves II"]
[WhiteTeamCountry "SVK"]
[BlackTeamCountry "SVK"]

1. d4 d5 2. c4 e5 3. dxe5 d4 4. Nf3 Nc6 5. e3 Bb4+ 6. Bd2 dxe3 7. fxe3 Bg4 8. Be2 Bxf3 9. Bxf3 Qh4+ 10. g3 Qxc4 11. Bxc6+ Qxc6 12. Rf1 0-0-0 13. Qg4+ Kb8 14. Qxb4 Nh6 15. Qc3 Qe4 16. Na3 Ng4 17. Qc4 Qg2 18. Qe2 Qe4 19. Rc1 Nxe5 20. Rc2 Rd7 21. Kd1 Rhd8 22. Kc1 Nd3+ 23. Kd1 Qa4 24. Rf4 Nxf4 25. exf4 Rxd2+ 26. Qxd2 Rxd2+ 27. Kxd2 Qd4+ 28. Ke2 c6 29. Rd2 Qe4+ 30. Kf2 Kc7 31. Re2 Qb4 32. Re7+ Qxe7 0-1

[Event "SVK-chT4 A21 1516"]
[Site "Slovakia"]
[Date "2015.10.04"]
[Round "1.4"]
[White "Buran, Andrej"]
[Black "Bartos, Bohumil"]
[Result "0-1"]
[WhiteElo "1595"]
[BlackElo "1675"]
[PlyCount "48"]
[EventDate "2015.10.04"]
[EventType "team-tourn"]
[EventRounds "11"]
[EventCountry "SVK"]
[SourceTitle "CBM 170 Extra"]
[Source "ChessBase"]
[SourceDate "2016.02.25"]
[SourceVersion "1"]
[SourceVersionDate "2016.02.25"]
[SourceQuality "1"]
[WhiteTeam "Senica CVC II"]
[BlackTeam "Skalica III"]
[WhiteTeamCountry "SVK"]
[BlackTeamCountry "SVK"]

1. e4 c5 2. Nf3 Nc6 3. d4 cxd4 4. Nxd4 Nf6 5. f3 e5 6. Nb3 d5 7. exd5 Nxd5 8. c4 Bb4+ 9. Bd2 Ne3 10. Qc1 Bf5 11. Na3 Nxf1 12. Rxf1 Qh4+ 13. Rf2 Qxh2 14. Bxb4 Nxb4 15. Ke2 Nd3 16. Qg5 Nxf2 17. Kxf2 Bg6 18. Nc5 0-0 19. Nd7 f6 20. Qg4 Rfd8 21. Rd1 Qh5 22. Qe6+ Kh8 23. Nxf6 Qh4+ 24. Ke2 Qxf6 0-1

[Event "SVK-chT5 SE-SI 1415"]
[Site "Slovakia"]
[Date "2015.03.07"]
[Round "10.2"]
[White "Bartos, Bohumil"]
[Black "Wallner, Juraj"]
[Result "1/2-1/2"]
[WhiteElo "1502"]
[BlackElo "1606"]
[PlyCount "34"]
[EventDate "2014.10.18"]
[EventType "team-tourn"]
[EventRounds "11"]
[EventCountry "SVK"]
[SourceTitle "EXT 2022"]
[Source "ChessBase"]
[SourceDate "2021.10.06"]
[SourceVersion "1"]
[SourceVersionDate "2021.10.06"]
[SourceQuality "1"]
[WhiteTeam "Skalica IV"]
[BlackTeam "Stefanov II"]
[WhiteTeamCountry "SVK"]
[BlackTeamCountry "SVK"]

1. e4 c5 2. Nf3 e6 3. d4 d5 4. exd5 exd5 5. Bb5+ Bd7 6. Bxd7+ Qxd7 7. 0-0 Be7 8. Re1 cxd4 9. Qxd4 Nf6 10. Ne5 Qd8 11. Nc3 0-0 12. Bg5 Nc6 13. Nxc6 bxc6 14. Rad1 Re8 15. Qa4 Qc7 16. Bf4 Bd6 17. Bxd6 Qxd6 1/2-1/2

[Event "SVK-chT5 SE-SI 1415"]
[Site "Slovakia"]
[Date "2015.01.24"]
[Round "7.1"]
[White "Simek, Adam"]
[Black "Bartos, Bohumil"]
[Result "0-1"]
[WhiteElo "1060"]
[BlackElo "1502"]
[PlyCount "72"]
[EventDate "2014.10.18"]
[EventType "team-tourn"]
[EventRounds "11"]
[EventCountry "SVK"]
[SourceTitle "EXT 2022"]
[Source "ChessBase"]
[SourceDate "2021.10.06"]
[SourceVersion "1"]
[SourceVersionDate "2021.10.06"]
[SourceQuality "1"]
[WhiteTeam "Borsky Mikulas"]
[BlackTeam "Skalica IV"]
[WhiteTeamCountry "SVK"]
[BlackTeamCountry "SVK"]

1. e4 c5 2. c4 Nc6 3. Nf3 d6 4. Nc3 Nf6 5. d4 cxd4 6. Nxd4 a6 7. Nxc6 bxc6 8. Bf4 e5 9. Bg5 Be7 10. Be2 0-0 11. 0-0 h6 12. Bh4 Rb8 13. Qa4 Rxb2 14. Qxc6 Bb7 15. Qa4 g5 16. Rab1 Rxb1 17. Rxb1 Bxe4 18. Nxe4 Nxe4 19. f3 Nc3 20. Qc2 Nxb1 21. Qxb1 gxh4 22. Bd3 Qc8 23. Qb6 Qc5+ 24. Qxc5 dxc5 25. Kf2 Rd8 26. Ke3 Bg5+ 27. Ke4 f5+ 28. Kxf5 Rxd3 29. Kxe5 Kf7 30. f4 Bf6+ 31. Kf5 Rd4 32. a4 Rxc4 33. g4 hxg3 34. h3 g2 35. h4 g1Q 36. a5 Qg6# 0-1

[Event "SVK-chT5 SE-SI 1415"]
[Site "Slovakia"]
[Date "2015.01.10"]
[Round "6.2"]
[White "Kanka, Tomas"]
[Black "Bartos, Bohumil"]
[Result "1/2-1/2"]
[WhiteElo "1723"]
[BlackElo "1502"]
[PlyCount "65"]
[EventDate "2014.10.18"]
[EventType "team-tourn"]
[EventRounds "11"]
[EventCountry "SVK"]
[SourceTitle "EXT 2022"]
[Source "ChessBase"]
[SourceDate "2021.10.06"]
[SourceVersion "1"]
[SourceVersionDate "2021.10.06"]
[SourceQuality "1"]
[WhiteTeam "Gbely Nafta III"]
[BlackTeam "Skalica IV"]
[WhiteTeamCountry "SVK"]
[BlackTeamCountry "SVK"]

1. e4 c5 2. Nf3 Nc6 3. d4 cxd4 4. Nxd4 Nf6 5. Nc3 e5 6. Ndb5 d6 7. Nd5 Nxd5 8. exd5 Ne7 9. c4 a6 10. Qa4 Ng6 11. Nc7+ Ke7 12. Nxa8 Bd7 13. Qb4 Qxa8 14. Bd3 Qc8 15. 0-0 Ke8 16. f4 f5 17. fxe5 dxe5 18. Qe1 Be7 19. Kh1 e4 20. Bxe4 fxe4 21. Qxe4 Qc5 22. Be3 Qc8 23. d6 Bc6 24. Qd4 Bf6 25. Qd2 Nh4 26. Rf2 Be5 27. Rd1 Qh3 28. d7+ Qxd7 29. Qxd7+ Bxd7 30. Bg5 Ng6 31. Re1 Rf8 32. Rfe2 Rf5 33. Bd2 1/2-1/2